000 00377cam a2200157ua 4500
041 _aeng
_h
082 _a828.09
_bRAI/CO
100 _aRaine, Kathleen .
245 _aColerdge /
_cKathleen Raine.
_hTextual Documents
250 _a1 /
_b.
260 _aLondon :
_bLongmans, Green & Co Ltd ,
_c1963.
300 _a44 ; .
504 _a
942 _cBK
999 _c3075
_d3075